Clubs de Football et Capitales - Mort subite - Statistiques

Statistiques générales
  • Ce quiz a été pris 1 216 fois
    1 151 depuis la dernière actualisation
  • Le résultat moyen est 5 sur 17
Answers on the Grid
Answers color-coded by a green-red scale on the quiz's grid according to % correct below.
Ajax
Al-Ittihad
Al-Nassr
Arsenal
Aston Villa
Besiktas
Boca Juniors
Brentford
Chelsea
Everton
Feyenoord
Flamengo
Fulham
Galatasaray
Getafe
Inter
Lazio
Leganes
Leicester
Monza
Newcastle
Olympiakos
PSG
PSV
Rayo Vallecano
Red Star
River Plate
Santos
Sporting CP
Sturm Graz
Villarreal
West Ham
Wolverhampton
Young Boys
 
Statistiques - réponses
Réponse % Correct
Ajax
83%
Arsenal
71%
Chelsea
54%
PSG
53%
Lazio
37%
Sporting CP
30%
Boca Juniors
26%
Red Star
25%
West Ham
23%
Young Boys
23%
Fulham
22%
Al-Nassr
17%
Olympiakos
14%
River Plate
13%
Brentford
12%
Rayo Vallecano
12%
Getafe
10%
Aucun quiz correspondant
Distribution des résultats
% des personnes avec chaque résultat
Percentile par nombre de réponses
Votre historique - résultats
Vous n’avez pas pris ce quiz depuis la dernière actualisation